000 00893nam a2200229 a 4500
001 000016683
005 20250924073801.0
008 100309s1985 000 spa d
040 _aDO-SdBNP
_bspa
_cBNPHU
082 _axxxx
_bS159e
100 1 _aSalama, Pierre
_937035
245 1 0 _aEndeudamiento y acentuación de la miseria en América Latina /
_cPierre Salama ; traductora Rosalinda Alfáu.
260 _aSanto Domingo :
_bUniversitaria,
_c1985.
300 _a38 p. ;
_c21 cm.
490 1 _aPublicaciones de la Universidad Autónoma de Santo Domingo
_v458
500 _aIncluye notas al pie de las páginas
504 _aIncluye bibliografía (35 -38)
534 _aTítulo original en francés
_tEndettement et accentaution de la misere
700 1 _aAlfáu, Resalinda
_etr.
_937036
830 _aPublicaciones de la Universidad Autónoma de Santo Domingo
_v438
_952
049 _aBNPD
999 _c16216
_d16216